000 01408cam a22003614a 4500
001 13258390
003 USPCAS-E
005 20180118181415.0
008 030701s2004 gw a b 001 0 eng
010 _a 2003057384
020 _a3540439455 (alk. paper)
040 _aDLC
_cDLC
_dDLC
042 _apcc
050 0 0 _aTK2960
_b.T45 2004
082 0 0 _a621.31244
_222
_bTHI 20004
245 0 0 _aThin-film solar cells :
_bnext generation photovoltaics and its applications /
_cYoshihiro Hamakawa (ed.).
260 _aBerlin ;
_aNew York :
_bSpringer,
_cc2004.
300 _axv, 244 p. :
_bill. ;
_c24 cm.
490 1 _aSpringer series in photonics,
_x1437-0379 ;
_v13
502 _a0
504 _aIncludes bibliographical references and index.
650 0 _aPhotovoltaic power generation.
650 0 _aThin films.
650 0 _aSolar cells.
650 0 _aThin film devices.
700 1 _aHamakawa, Yoshihiro,
_d1932-
830 0 _aSpringer series in photonics ;
_vv. 13
856 4 2 _3Publisher description
_uhttp://www.loc.gov/catdir/enhancements/fy0817/2003057384-d.html
856 4 1 _3Table of contents only
_uhttp://www.loc.gov/catdir/enhancements/fy0817/2003057384-t.html
906 _a7
_bcbc
_corignew
_d1
_eocip
_f20
_gy-gencatlg
942 _2ddc
_cBK
999 _c355827
_d355827